1001 chemicals in everyday products / (Record no. 22512)

MARC details
000 -LEADER
fixed length control field 00835nam a2200277#a 4500
001 - CONTROL NUMBER
control field 00908
003 - CONTROL NUMBER IDENTIFIER
control field HDC
007 - PHYSICAL DESCRIPTION FIXED FIELD--GENERAL INFORMATION
fixed length control field ta
008 - FIXED-LENGTH DATA ELEMENTS--GENERAL INFORMATION
fixed length control field 230623s1999 xx 000 0 eng d
020 ## - INTERNATIONAL STANDARD BOOK NUMBER
International Standard Book Number 0471292125 (pbk.).
040 ## - CATALOGING SOURCE
Original cataloging agency HDC
050 ## - LIBRARY OF CONGRESS CALL NUMBER
Classification number TP 200
Item number .L49 1999
100 ## - MAIN ENTRY--PERSONAL NAME
Personal name Lewis, Grace Ross.
245 #0 - TITLE STATEMENT
Title 1001 chemicals in everyday products /
Statement of responsibility, etc. Grace Ross Lewis.
246 ## - VARYING FORM OF TITLE
Title proper/short title One thousand one chemicals in everyday products
250 ## - EDITION STATEMENT
Edition statement 2nd ed.
264 ## - PRODUCTION, PUBLICATION, DISTRIBUTION, MANUFACTURE, AND COPYRIGHT NOTICE
Place of production, publication, distribution, manufacture New York :
Name of producer, publisher, distributor, manufacturer Wiley,
Date of production, publication, distribution, manufacture, or copyright notice c1999.
300 ## - PHYSICAL DESCRIPTION
Extent x,388p. ;
Dimensions 24cm.
500 ## - GENERAL NOTE
General note A Wiley-Interscience publication.
-- Includes index.
504 ## - BIBLIOGRAPHY, ETC. NOTE
Bibliography, etc. note "Also available as an electronic book via the World Wide Web to institutions affiliated with netLibrary, Inc."
650 ## - SUBJECT ADDED ENTRY--TOPICAL TERM
Topical term or geographic name entry element Chemicals.
942 ## - ADDED ENTRY ELEMENTS (KOHA)
Source of classification or shelving scheme Library of Congress Classification
942 ## - ADDED ENTRY ELEMENTS (KOHA)
Koha item type Book
942 ## - ADDED ENTRY ELEMENTS (KOHA)
Call number prefix TP 200
942 ## - ADDED ENTRY ELEMENTS (KOHA)
Call number suffix .L49 1999
Holdings
Withdrawn status Lost status Source of classification or shelving scheme Damaged status Not for loan Collection Home library Current library Shelving location Date acquired Total checkouts Full call number Barcode Date last seen Price effective from Koha item type
    Library of Congress Classification     Non-fiction Halal Development Corporation Library Halal Development Corporation Library Open Shelves 17/11/2020   TP 200 .L49 1999 HDC 0000456 24/05/2023 24/05/2023 Book
Halal Development Corporation Berhad (HDC)
5.02 Level 5, KPMG Tower, First Avenue, Persiaran Bandar Utama, 47800 Petaling Jaya, Selangor Darul Ehsan
Phone: +603 7965 5489 Email: [email protected]